Central Library OPAC University of Rajshahi

Black sunrise : (Record no. 28140)

MARC details
000 -LEADER
fixed length control field 00759nam a2200229 a 4500
001 - CONTROL NUMBER
control field 28140
003 - CONTROL NUMBER IDENTIFIER
rucl marc code BD-RjUL
005 - DATE AND TIME OF LATEST TRANSACTION
control field 20211209051237.0
008 - FIXED-LENGTH DATA ELEMENTS--GENERAL INFORMATION
fixed length control field 140329s1951 enka 000 0beng d
035 ## - SYSTEM CONTROL NUMBER
System control number (BD-RjUL)28221
040 ## - CATALOGING SOURCE
Original cataloging agency ADFA
Language of cataloging eng
Transcribing agency ADFA
Modifying agency NUN
-- BD-RjUL
041 ## - LANGUAGE CODE
Language code of text/sound track or separate title eng
082 14 - DEWEY DECIMAL CLASSIFICATION NUMBER
Classification number 964.02
Edition number 19
Author mark and year BLB 1951
100 1# - MAIN ENTRY--PERSONAL NAME
Personal name Blunt, Wilfrid,
Dates associated with a name 1901-
9 (RLIN) 83496
245 10 - TITLE STATEMENT
Title Black sunrise :
Remainder of title the life and times of Mulai Ismail, Emperor of Morocco, 1646-1727 /
Statement of responsibility, etc. by Wilfrid Blunt.
260 ## - PUBLICATION, DISTRIBUTION, ETC. (IMPRINT)
Place of publication, distribution, etc. London :
Name of publisher, distributor, etc. Methuen,
Date of publication, distribution, etc. 1951.
300 ## - PHYSICAL DESCRIPTION
Pagination 294 p., [16] leaves of plates :
Illustrations ill. ;
Size 22cm.
504 ## - BIBLIOGRAPHY, ETC. NOTE
Bibliography, etc Includes Index
600 10 - SUBJECT ADDED ENTRY--PERSONAL NAME
Personal name Isma`il, Mulai,
Titles and other words associated with a name Emperor of Morocco,
Dates associated with a name 1646-1727.
651 #0 - SUBJECT ADDED ENTRY--GEOGRAPHIC NAME
Geographic name Morocco
General subdivision History
Chronological subdivision 1516-1830.
9 (RLIN) 86237
942 ## - ADDED ENTRY ELEMENTS (KOHA)
Source of classification or shelving scheme Dewey Decimal Classification
Koha item type Books
Holdings
Lost status Source of classification or shelving scheme Damaged status Not for loan Collection code Permanent Location Current Location Shelving location Date acquired Source of acquisition Cost, normal purchase price Total Checkouts Full call number Date last seen Copy number Koha item type
  Dewey Decimal Classification   Added to bundle Non-fiction Central Library, University of Rajshahi Central Library, University of Rajshahi Reading Room 07/07/1956 SIMPKIN MARSHAL 1.10   964.02 BLB 1951 29/03/2014 C-1 Books